[Event "BCF-ch Soanes U1750 op"]
[Site "Hull"]
[Date "2024.07.28"]
[Round "5"]
[White "Menseitov, Alikhan"]
[Black "Mcmonagle, Alfie"]
[Result "1-0"]
[WhiteElo "1569"]
[BlackElo "1652"]
[PlyCount "89"]
[EventDate "2024.07.26"]
[EventType "swiss"]
[EventRounds "5"]
[EventCountry "ENG"]
[SourceTitle "CBM 221 Extra"]
[Source "ChessBase"]
[SourceDate "2024.09.30"]
[SourceVersion "1"]
[SourceVersionDate "2024.09.30"]
[SourceQuality "1"]

1. d4 Nf6 2. c4 g6 3. Nc3 Bg7 4. e4 d6 5. Be2 0-0 6. Bg5 Nbd7 7. Qd2 c5 8. d5 a6 9. a4 Rb8 10. a5 b6 11. axb6 Qxb6 12. Rb1 Qb4 13. Nf3 Re8 14. Bd3 Nb6 15. Qe2 Nfd7 16. Bd2 Qb3 17. Qd1 Qxd1+ 18. Kxd1 Ne5 19. Nxe5 Bxe5 20. b4 cxb4 21. Rxb4 Bd4 22. Ke2 Bd7 23. Rhb1 Rb7 24. Be3 Bxe3 25. Kxe3 Reb8 26. Kd4 Bc8 27. f4 Nd7 28. Rxb7 Rxb7 29. Rxb7 Bxb7 30. e5 Nc5 31. Ne4 Nxe4 32. Bxe4 Kf8 33. exd6 exd6 34. c5 dxc5+ 35. Kxc5 Ke8 36. Kb6 Bc8 37. Kc7 Bd7 38. d6 a5 39. Bb7 a4 40. Bc8 a3 41. Bxd7+ Kf8 42. Be6 fxe6 43. d7 a2 44. d8Q+ Kf7 45. Qa8 1-0

[Event "BCF-ch Soanes U1750 op"]
[Site "Hull"]
[Date "2024.07.27"]
[Round "2"]
[White "Menseitov, Alikhan"]
[Black "Grice, Alec"]
[Result "1-0"]
[WhiteElo "1569"]
[BlackElo "1660"]
[PlyCount "59"]
[EventDate "2024.07.26"]
[EventType "swiss"]
[EventRounds "5"]
[EventCountry "ENG"]
[SourceTitle "CBM 221 Extra"]
[Source "ChessBase"]
[SourceDate "2024.09.30"]
[SourceVersion "1"]
[SourceVersionDate "2024.09.30"]
[SourceQuality "1"]

1. d4 Nf6 2. c4 e6 3. Nc3 Bb4 4. Qb3 Nc6 5. e3 0-0 6. Nf3 Qe7 7. a3 Bxc3+ 8. Qxc3 Ne4 9. Qc2 d5 10. Bd3 f5 11. b4 g5 12. b5 g4 13. bxc6 gxf3 14. gxf3 Ng5 15. Rg1 Kh8 16. Ke2 bxc6 17. Bd2 a5 18. Rac1 Ba6 19. Qa4 Rg8 20. Qxc6 Ne4 21. fxe4 fxe4 22. Bxe4 dxe4 23. Qxe4 Rab8 24. Qe5+ Rg7 25. Rxg7 Qxg7 26. Qxg7+ Kxg7 27. Bxa5 Rb2+ 28. Kf3 Bb7+ 29. Kg3 c6 30. d5 1-0